000 00730cam a2200229 4500
005 20240103141326.0
008 | mx gr 00| 0 spa|d
020 _a968243694X
020 _a9789682436949
050 0 4 _aG155.A1
_bH47 1990
100 1 _aHernández Díaz, Edgar Alfonso
245 1 0 _aProyectos turísticos
_b: formulación y evaluación
_c / Edgar Alfonso Hernández Díaz.
250 _a2a ed.
260 _aMéxico :
_bTrillas,
_c1990
300 _a211 p. ;
_c24 cm.
490 0 _aTrillas turismo
504 _aIncluye bibliografías e índice
650 4 _aTurismo
_xEstudio y enseñanza (Educación media superior)
650 4 _aTurismo
_xFinanzas
650 4 _aInversiones
_x
942 _2lcc
_cLIB
999 _c114644
_d114644